Hard General Knowledge Quiz (5) - Statistics

General Stats
  • This quiz has been taken 64 times
  • The average score is 5 of 15
Answer Stats
Questions Answer % Correct
What is the most abundant gas in the Earth's atmosphere? Nitrogen
92%
If you were to take the chemical symbols for the following elements what word would you spell?1= Cobalt 2= Iodine 3= Nitrogen Coin
79%
Which city in Turkey shares its name with the famous comic book superhero, making it a fun place for fans to go? Batman
54%
Who was the ruler of the Mali Empire during its peak in the 14th century, known for his immense wealth? Mansa Musa.
46%
In what year did Charles Lindbergh complete his solo nonstop transatlantic flight? 1927
44%
Which element has the highest melting point? Tungsten
42%
Who was the first president of the United States to be impeached? Andrew Johnson
33%
What current geological epoch are we in? Holocene
29%
What is the capital of the Canadian Province Prince Edward Island? Charlottetown
17%
Published in 1962 who wrote 'One Flew Over the Cuckoo's Nest' ? Ken Kesey
15%
Who holds the record for the most goals scored in a single FIFA World Cup tournament? Just Fontaine
13%
First African American to win the Wimbledon singles title? Althea Gibson
8%
What is the title of Bill Bryson's book that explores the history of science and won the Aventis Prize? A Short History of Nearly Everything
8%
Which novel introduced Sydney Carton, a dissolute lawyer who ultimately sacrifices himself for the woman he loves? A Tale of Two Cities
8%
Published in 1866 who wrote The Toilers of the Sea"? Victor Hugo
8%
No matching quizzes found
Score Distribution
Percent of People with Each Score
Percentile by Number Answered
Your Score History
You have not taken this quiz